Écologie, physiologie et économie des eaux saumâtres / (Record no. 13905)

000 -LEADER
fixed length control field 00436nam a2200157 i 4500
020 ## - INTERNATIONAL STANDARD BOOK NUMBER
ISBN 2225492476
040 ## - CATALOGING SOURCE
Transcribing agency DLC
082 00 - DEWEY DECIMAL CLASSIFICATION NUMBER
Classification number 574 MAS 1978 A057 Or.
100 1# - MAIN ENTRY--AUTHOR NAME
Personal name Kiener, André.
245 10 - TITLE STATEMENT
Title Écologie, physiologie et économie des eaux saumâtres /
260 ## - PUBLICATION, DISTRIBUTION, ETC. (IMPRINT)
Place of publication Paris ;
-- New York :
Name of publisher Masson,
Year of publication 1978.
300 ## - PHYSICAL DESCRIPTION
Number of Pages xii, 220 p. :
Other physical details ill. ;
Dimensions 24 cm.
650 #0 - SUBJECT ADDED ENTRY--TOPICAL TERM
Topical Term Brackish water biology.
650 #0 - SUBJECT ADDED ENTRY--TOPICAL TERM
Topical Term Brackish waters.
942 ## - ADDED ENTRY ELEMENTS (KOHA)
Koha item type សៀវភៅភាសាបារាំង
952 ## - LOCATION AND ITEM INFORMATION (KOHA)
Withdrawn status [LOCAL, KOHA] 0
952 ## - LOCATION AND ITEM INFORMATION (KOHA)
Withdrawn status [LOCAL, KOHA] 0
Holdings
Permanent Location Date acquired Koha item type Lost status Shelving location Barcode Current Location Full call number
Library Block A2017-10-02សៀវភៅភាសាបារាំង A057A13698Library Block A574 MAS 1978 A057 Or.
Library Block A2017-10-02សៀវភៅភាសាបារាំង A057A14581Library Block A574 MAS 1978 A057 Or.
មជ្ឈមណ្ឌលឯការនៃសាកលវិទ្យាល័យភូមិន្ទកសិកម្មចំការដូង

Powered by Koha